Welcome to the Holygrace Academy Library

Please use search bar below to get started

INSTANT NOTES PLANT BIOLOGY (Record no. 1407)

MARC details
000 -LEADER
fixed length control field 00359nam a22001577a 4500
020 ## - INTERNATIONAL STANDARD BOOK NUMBER
ISBN 81-7649-242-6
082 ## - DEWEY DECIMAL CLASSIFICATION NUMBER
Classification number 581.4
Item number LAC/P
100 ## - MAIN ENTRY--AUTHOR NAME
Personal name LACK, A.J
100 ## - MAIN ENTRY--AUTHOR NAME
Personal name EVANS, D.E
245 ## - TITLE STATEMENT
Title INSTANT NOTES PLANT BIOLOGY
250 ## - EDITION STATEMENT
Edition statement FIRST EDITION
260 ## - PUBLICATION, DISTRIBUTION, ETC. (IMPRINT)
Place of publication DELHI
Name of publisher VIVA BOOKS
Year of publication 2001
300 ## - PHYSICAL DESCRIPTION
Number of Pages 332
650 ## - SUBJECT ADDED ENTRY--TOPICAL TERM
Topical Term BIOLOGY REFERENCE
Geographic subdivision INDIA
942 ## - ADDED ENTRY ELEMENTS (KOHA)
Koha item type Books
Holdings
Withdrawn status Lost status Collection code Home library Current library Shelving location Date acquired Source of acquisition Cost, normal purchase price Full call number Accession Number Koha item type
    Reference Main Library Main Library SHELF-5 D REFERENCEBIOLOGY 24/10/2006 purchase 195.00 581.4 LAC/P 03399 Books